00529nam a2200169Ia 4500008004000000082001300040100002100053245005800074250000500132260003700137300001300174650001600187690001100203906001100214999001700225952011700242210210b1970 xxu||||| |||| 00| 0 eng d a581 VASB aVASHISHTA (B R). aBotany for degree students: Part III Bryophyta. Ed 4. a aDelhibS. Chand & Co. Ltd.c1970 aviii,311 aBryophyta  aBotany a030230 c81414d81414 001040708BiologyaALbALcBiologyd2021-02-17g8.00l0o581 VASBp030230r2021-02-17 00:00:00w2021-02-17yBK